[Event "COL-ch disabled 2nd"]
[Site "Cali"]
[Date "2008.10.26"]
[Round "3.7"]
[White "Tamayo, Hector"]
[Black "Villegas, Jeisson Steven"]
[Result "1-0"]
[WhiteElo "1600"]
[BlackElo "1637"]
[PlyCount "29"]
[EventDate "2008.10.25"]
[EventType "swiss"]
[EventRounds "7"]
[EventCountry "COL"]
[SourceTitle "EXT 2024"]
[Source "ChessBase"]
[SourceDate "2023.10.10"]
[SourceVersion "1"]
[SourceVersionDate "2023.10.10"]
[SourceQuality "1"]

1. d4 Nf6 2. c4 g6 3. Nf3 Bg7 4. Nc3 0-0 5. e3 d6 6. Bd2 c5 7. h3 Nc6 8. Qc2 Bd7 9. Bd3 Rc8 10. 0-0 Qe8 11. Rac1 e5 12. dxc5 dxc5 13. Ne4 Nxe4 14. Bxe4 Be6 15. Qb3 1-0